[Event "Kent Oliver mem."]
[Site "Winnipeg CAN"]
[Date "2004.01.16"]
[Round "1"]
[White "Nikouline, Alexandre"]
[Black "Hogeveen Rutter, Alexander"]
[Result "1-0"]
[WhiteElo "1991"]
[BlackElo "1698"]
[PlyCount "41"]
[GameId "2160767911200613"]
[EventDate "2004.01.16"]
[EventType "swiss"]
[EventRounds "5"]
[EventCountry "CAN"]
[SourceTitle "EXT 2005"]
[Source "ChessBase"]
[SourceDate "2004.11.15"]
[SourceVersion "1"]
[SourceVersionDate "2004.11.15"]
[SourceQuality "1"]

1. e4 c5 2. Nf3 Nc6 3. Bb5 a6 4. Bxc6 bxc6 5. c4 d6 6. Nc3 g6 7. O-O Bg7 8. Re1 Be6 9. b3 Qa5 10. Bb2 Rb8 11. Na4 Bxb2 12. Nxb2 Qa3 13. Qc2 f6 14. Nd3 Bg4 15. Re3 Nh6 16. Nde5 O-O 17. Nxc6 Nf5 18. exf5 Bxf5 19. Nxe7+ Kh8 20. Nxf5 gxf5 21. Re7 1-0

[Event "Kent Oliver mem."]
[Site "Winnipeg CAN"]
[Date "2004.01.16"]
[Round "1"]
[White "Wasney, Mark"]
[Black "Vincent, Trevor"]
[Result "0-1"]
[WhiteElo "1709"]
[BlackElo "2010"]
[PlyCount "58"]
[GameId "2160767911200615"]
[EventDate "2004.01.16"]
[EventType "swiss"]
[EventRounds "5"]
[EventCountry "CAN"]
[SourceTitle "EXT 2005"]
[Source "ChessBase"]
[SourceDate "2004.11.15"]
[SourceVersion "1"]
[SourceVersionDate "2004.11.15"]
[SourceQuality "1"]

1. f4 c5 2. b3 Nf6 3. Bb2 g6 4. Nf3 Bg7 5. e3 O-O 6. Be2 Nc6 7. O-O d6 8. d3 e5 9. fxe5 Nd5 10. Bc1 dxe5 11. e4 Nc7 12. Bg5 f6 13. Bh4 Be6 14. Na3 Qd7 15. c3 b6 16. Qc2 h6 17. Rad1 f5 18. Bf2 g5 19. Ne1 g4 20. Qb2 f4 21. b4 cxb4 22. cxb4 Rf7 23. Nec2 f3 24. gxf3 gxf3 25. Bxf3 Rxf3 26. d4 exd4 27. Nxd4 Rxf2 28. Nxe6 Rxf1+ 29. Rxf1 Bxb2 0-1

[Event "Kent Oliver mem."]
[Site "Winnipeg CAN"]
[Date "2004.01.16"]
[Round "1"]
[White "Zaczek, Jonathon"]
[Black "Reimer, Bruce"]
[Result "1-0"]
[WhiteElo "1816"]
[BlackElo "1335"]
[PlyCount "140"]
[GameId "2160767911200616"]
[EventDate "2004.01.16"]
[EventType "swiss"]
[EventRounds "5"]
[EventCountry "CAN"]
[SourceTitle "EXT 2005"]
[Source "ChessBase"]
[SourceDate "2004.11.15"]
[SourceVersion "1"]
[SourceVersionDate "2004.11.15"]
[SourceQuality "1"]

1. e4 b6 2. g3 Bb7 3. Bg2 e6 4. d4 Nf6 5. Bg5 Be7 6. Bxf6 Bxf6 7. Ne2 Be7 8. Nbc3 O-O 9. O-O d5 10. Qd2 Bg5 11. f4 Be7 12. Kh1 Bb4 13. a3 Bxc3 14. Nxc3 c6 15. f5 exf5 16. exf5 Nd7 17. g4 Qh4 18. g5 h6 19. gxh6 Qxh6 20. Qxh6 gxh6 21. f6 Kh7 22. Bh3 Bc8 23. Bf5+ Kh8 24. Bd3 Re8 25. Bf5 Nf8 26. Bd3 Ng6 27. Ne2 Bg4 28. Ng3 c5 29. dxc5 bxc5 30. Bb5 Re5 31. Rae1 a6 32. Bc6 Rd8 33. Ba4 Bd7 34. Bxd7 Rxd7 35. Rxe5 Nxe5 36. Re1 Ng4 37. Re7 Nxf6 38. Re5 c4 39. c3 Kh7 40. h3 Rd8 41. Re2 Re8 42. Rd2 Ne4 43. Nxe4 dxe4 44. Kg2 f5 45. Kg3 e3 46. Re2 Re4 47. Kf3 Kg6 48. Rxe3 Rxe3+ 49. Kxe3 Kg5 50. Kd4 Kh4 51. Kxc4 Kg3 52. Kd4 f4 53. c4 f3 54. c5 f2 55. c6 f1=Q 56. Kd5 Qf5+ 57. Kd6 Qf6+ 58. Kd7 Qf7+ 59. Kd6 Qf8+ 60. Kd7 Qf7+ 61. Kd6 Kxh3 62. c7 Qxc7+ 63. Kxc7 Kg3 64. Kb6 h5 65. Kxa6 h4 66. b4 h3 67. b5 h2 68. b6 h1=Q 69. a4 Qf1+ 70. Ka7 Qe1 1-0

[Event "Kent Oliver mem."]
[Site "Winnipeg CAN"]
[Date "2004.01.17"]
[Round "2"]
[White "Boron, Anthony"]
[Black "Still, Graham"]
[Result "1-0"]
[WhiteElo "1932"]
[BlackElo "1301"]
[PlyCount "65"]
[GameId "2160767911200617"]
[EventDate "2004.01.16"]
[EventType "swiss"]
[EventRounds "5"]
[EventCountry "CAN"]
[SourceTitle "EXT 2005"]
[Source "ChessBase"]
[SourceDate "2004.11.15"]
[SourceVersion "1"]
[SourceVersionDate "2004.11.15"]
[SourceQuality "1"]

1. d4 d5 2. Bg5 Nf6 3. Bxf6 exf6 4. Nf3 c5 5. c3 Nc6 6. g3 g6 7. Bg2 Be6 8. O-O Qb6 9. b3 Bg7 10. e3 O-O 11. Nbd2 f5 12. Rb1 a5 13. h4 h6 14. Ne1 Qb5 15. c4 dxc4 16. bxc4 Qa6 17. d5 Bd7 18. dxc6 Bxc6 19. Bxc6 Qxc6 20. Qb3 Rab8 21. Qb6 Qa4 22. Qb3 Qxb3 23. Nxb3 b5 24. Nxa5 b4 25. Nd3 Rfc8 26. Nb3 Bf8 27. Rfd1 Ra8 28. Rd2 f6 29. Nf4 Kf7 30. Rbd1 Be7 31. Nc1 Ra3 32. Rd7 Rc3 33. Nd5 1-0

[Event "Kent Oliver mem."]
[Site "Winnipeg CAN"]
[Date "2004.01.17"]
[Round "2"]
[White "Hogeveen Rutter, Alexander"]
[Black "Reimer, Bruce"]
[Result "1-0"]
[WhiteElo "1698"]
[BlackElo "1335"]
[PlyCount "77"]
[GameId "2160767911200620"]
[EventDate "2004.01.16"]
[EventType "swiss"]
[EventRounds "5"]
[EventCountry "CAN"]
[SourceTitle "EXT 2005"]
[Source "ChessBase"]
[SourceDate "2004.11.15"]
[SourceVersion "1"]
[SourceVersionDate "2004.11.15"]
[SourceQuality "1"]

1. e4 b6 2. d4 Bb7 3. Nc3 e6 4. Nf3 Nf6 5. e5 Nd5 6. Nxd5 Bxd5 7. Bd3 Be7 8. O-O O-O 9. c4 Bb7 10. d5 d6 11. Be4 c6 12. exd6 Bxd6 13. Ng5 h6 14. Qh5 exd5 15. Bh7+ Kh8 16. Nxf7+ Rxf7 17. Qxf7 Kxh7 18. Qxb7 Nd7 19. Qxc6 Nf6 20. cxd5 Rc8 21. Qb5 Rc5 22. Qd3+ Kh8 23. Be3 Rxd5 24. Qc4 Qb8 25. h3 Be5 26. Rac1 Bxb2 27. Qc8+ Rd8 28. Qxb8 Rxb8 29. Rc7 a5 30. Rb1 Be5 31. Rc6 Nd5 32. Rb5 Nb4 33. Rcxb6 Rxb6 34. Bxb6 Bf6 35. Rxa5 Nc6 36. Ra8+ Kh7 37. a4 Bd4 38. a5 Bxb6 39. axb6 1-0

[Event "Kent Oliver mem."]
[Site "Winnipeg CAN"]
[Date "2004.01.17"]
[Round "2"]
[White "Kaptsan, Aron"]
[Black "Rutter, Blair"]
[Result "1-0"]
[WhiteElo "1941"]
[BlackElo "1711"]
[PlyCount "83"]
[GameId "2160767911200621"]
[EventDate "2004.01.16"]
[EventType "swiss"]
[EventRounds "5"]
[EventCountry "CAN"]
[SourceTitle "EXT 2005"]
[Source "ChessBase"]
[SourceDate "2004.11.15"]
[SourceVersion "1"]
[SourceVersionDate "2004.11.15"]
[SourceQuality "1"]

1. d4 e6 2. c4 b6 3. Nc3 Bb7 4. Nf3 f5 5. d5 Bd6 6. e4 fxe4 7. Ng5 Nf6 8. Ngxe4 Bb4 9. Bg5 O-O 10. Nxf6+ gxf6 11. Bh6 Rf7 12. dxe6 Re7 13. Qg4+ Kh8 14. O-O-O Bxc3 15. bxc3 Qg8 16. Qxg8+ Kxg8 17. exd7 Nxd7 18. f3 Nc5 19. Bd3 Rae8 20. Bc2 Ba6 21. Rd4 Bc8 22. Rhd1 Re2 23. R1d2 Re1+ 24. Kb2 Be6 25. Rd8 Bxc4 26. R2d4 Bf7 27. Rxe8+ Rxe8 28. Rg4+ Bg6 29. Bxg6 hxg6 30. Rxg6+ Kh7 31. Rxf6 Re2+ 32. Ka3 Rxg2 33. Bf4 Kg7 34. Rc6 a5 35. Bxc7 Nd7 36. Bxb6 Nxb6 37. Rxb6 Rxh2 38. Rb5 Rf2 39. Rxa5 Rxf3 40. Kb4 Kf6 41. Rd5 Ke6 42. Rd2 1-0

[Event "Kent Oliver mem."]
[Site "Winnipeg CAN"]
[Date "2004.01.17"]
[Round "2"]
[White "Katona, John"]
[Black "Nikouline, Alexandre"]
[Result "0-1"]
[WhiteElo "1839"]
[BlackElo "1997"]
[PlyCount "68"]
[GameId "2160767911200622"]
[EventDate "2004.01.16"]
[EventType "swiss"]
[EventRounds "5"]
[EventCountry "CAN"]
[SourceTitle "EXT 2005"]
[Source "ChessBase"]
[SourceDate "2004.11.15"]
[SourceVersion "1"]
[SourceVersionDate "2004.11.15"]
[SourceQuality "1"]

1. e4 c5 2. c3 Nf6 3. e5 Nd5 4. d4 cxd4 5. Nf3 Nc6 6. cxd4 e6 7. Bc4 Nb6 8. Bb3 d5 9. O-O Be7 10. Nc3 Bd7 11. Bf4 Na5 12. Bc2 Qc7 13. Rc1 a6 14. Bb1 Nc6 15. Bg3 O-O-O 16. a4 Kb8 17. Bd3 Rc8 18. Qe2 Na5 19. Nxd5 Qxc1 20. Nxb6 Qc6 21. Nxc8 Rxc8 22. Be4 Qxa4 23. h3 Bb5 24. Bd3 Nc4 25. d5 Qb4 26. d6 Bd8 27. b3 Na3 28. Bxb5 Nxb5 29. Qd3 g6 30. h4 Rc3 31. Qd2 Qxb3 32. Nd4 Nxd4 33. Qxd4 Rxg3 34. d7 Rd3 0-1

[Event "Kent Oliver mem."]
[Site "Winnipeg CAN"]
[Date "2004.01.17"]
[Round "2"]
[White "Mor, Shai"]
[Black "Wasney, Mark"]
[Result "0-1"]
[WhiteElo "1497"]
[BlackElo "1709"]
[PlyCount "71"]
[GameId "2160767911200623"]
[EventDate "2004.01.16"]
[EventType "swiss"]
[EventRounds "5"]
[EventCountry "CAN"]
[SourceTitle "EXT 2005"]
[Source "ChessBase"]
[SourceDate "2004.11.15"]
[SourceVersion "1"]
[SourceVersionDate "2004.11.15"]
[SourceQuality "1"]

1. e4 c5 2. Nf3 d6 3. d4 cxd4 4. Nxd4 Nf6 5. Nc3 a6 6. Bd3 e6 7. O-O Be7 8. f4 O-O 9. Nf3 b5 10. b4 Bb7 11. Kh1 Nbd7 12. Qe1 Nb6 13. h3 Rc8 14. a4 bxa4 15. Nxa4 Nxa4 16. Rxa4 Qd7 17. Ra3 d5 18. e5 Ne4 19. Bxa6 Bxa6 20. Rxa6 Qb5 21. Ra5 Qb6 22. Be3 Qxb4 23. Bd2 Nxd2 24. Qxd2 Qxd2 25. Nxd2 Rxc2 26. Nf3 Rfc8 27. Kh2 g6 28. Kg3 h6 29. Rf2 Rxf2 30. Kxf2 Bb4 31. Rb5 Rc4 32. Ke3 Re4+ 33. Kf2 Rxf4 34. g3 Re4 35. g4 Bc3 36. Kg3 0-1

[Event "Kent Oliver mem."]
[Site "Winnipeg CAN"]
[Date "2004.01.17"]
[Round "2"]
[White "Vincent, Trevor"]
[Black "Zaczek, Jonathon"]
[Result "1-0"]
[WhiteElo "2010"]
[BlackElo "1816"]
[PlyCount "67"]
[GameId "2160767911200624"]
[EventDate "2004.01.16"]
[EventType "swiss"]
[EventRounds "5"]
[EventCountry "CAN"]
[SourceTitle "EXT 2005"]
[Source "ChessBase"]
[SourceDate "2004.11.15"]
[SourceVersion "1"]
[SourceVersionDate "2004.11.15"]
[SourceQuality "1"]

1. c4 c5 2. g3 g6 3. Bg2 Bg7 4. Nc3 Nc6 5. a3 d6 6. Rb1 a5 7. Nf3 e5 8. d3 Nge7 9. O-O O-O 10. Ne1 Be6 11. Nd5 Bxd5 12. cxd5 Nb8 13. b4 cxb4 14. axb4 a4 15. b5 a3 16. Ra1 a2 17. Qb3 Qa5 18. Nc2 Nd7 19. Ba3 e4 20. d4 Bxd4 21. Bb4 Qb6 22. Nxd4 Qxd4 23. Bxd6 Rfe8 24. Rxa2 Rxa2 25. Qxa2 Nxd5 26. e3 Qd3 27. Qb1 Nc3 28. Qxd3 exd3 29. Bxb7 d2 30. Bf3 Nf6 31. b6 Nfe4 32. Bb4 Rb8 33. b7 d1=Q 34. Rxd1 1-0

[Event "Kent Oliver mem."]
[Site "Winnipeg CAN"]
[Date "2004.01.17"]
[Round "3"]
[White "Katona, John"]
[Black "Boron, Anthony"]
[Result "0-1"]
[WhiteElo "1839"]
[BlackElo "1932"]
[PlyCount "36"]
[GameId "2160767911200626"]
[EventDate "2004.01.16"]
[EventType "swiss"]
[EventRounds "5"]
[EventCountry "CAN"]
[SourceTitle "EXT 2005"]
[Source "ChessBase"]
[SourceDate "2004.11.15"]
[SourceVersion "1"]
[SourceVersionDate "2004.11.15"]
[SourceQuality "1"]

1. e4 d5 2. exd5 Qxd5 3. Nc3 Qa5 4. d4 c6 5. Nf3 Nf6 6. Bc4 Bg4 7. Bxf7+ Kxf7 8. Ne5+ Qxe5+ 9. dxe5 Bxd1 10. exf6 Bxc2 11. fxe7 Bxe7 12. Bf4 Re8 13. O-O Nd7 14. Rac1 Bg6 15. Rcd1 Nb6 16. Bc7 Bd8 17. Bxb6 Bxb6 18. Rd7+ Re7 0-1

[Event "Kent Oliver mem."]
[Site "Winnipeg CAN"]
[Date "2004.01.17"]
[Round "3"]
[White "Khedkar, Jay S"]
[Black "Vincent, Trevor"]
[Result "1/2-1/2"]
[WhiteElo "1926"]
[BlackElo "2010"]
[PlyCount "42"]
[GameId "2160767911200627"]
[EventDate "2004.01.16"]
[EventType "swiss"]
[EventRounds "5"]
[EventCountry "CAN"]
[SourceTitle "EXT 2005"]
[Source "ChessBase"]
[SourceDate "2004.11.15"]
[SourceVersion "1"]
[SourceVersionDate "2004.11.15"]
[SourceQuality "1"]

1. e4 c5 2. Nf3 Nc6 3. d4 cxd4 4. Nxd4 g6 5. c4 Nf6 6. Nc3 d6 7. Be2 Nxd4 8. Qxd4 Bg7 9. Be3 O-O 10. Qd2 Qa5 11. O-O a6 12. Rfd1 Be6 13. f3 Rfc8 14. Nd5 Qxd2 15. Rxd2 Nxd5 16. cxd5 Bd7 17. Rad1 b5 18. Bd3 Rab8 19. Kf2 Rc7 20. Ke2 Rbc8 21. Rb1 f5 1/2-1/2

[Event "Kent Oliver mem."]
[Site "Winnipeg CAN"]
[Date "2004.01.17"]
[Round "3"]
[White "Nikouline, Alexandre"]
[Black "Kaptsan, Aron"]
[Result "1-0"]
[WhiteElo "1997"]
[BlackElo "1941"]
[PlyCount "57"]
[GameId "2160767911200628"]
[EventDate "2004.01.16"]
[EventType "swiss"]
[EventRounds "5"]
[EventCountry "CAN"]
[SourceTitle "EXT 2005"]
[Source "ChessBase"]
[SourceDate "2004.11.15"]
[SourceVersion "1"]
[SourceVersionDate "2004.11.15"]
[SourceQuality "1"]

1. e4 e5 2. Nf3 Nc6 3. Bb5 a6 4. Ba4 Nf6 5. O-O Be7 6. Re1 b5 7. Bb3 d6 8. c3 O-O 9. h3 Nb8 10. d4 Nbd7 11. c4 c6 12. c5 Qc7 13. cxd6 Bxd6 14. Bg5 h6 15. Bh4 Bb7 16. Nbd2 Rfe8 17. dxe5 Bxe5 18. Nxe5 Qxe5 19. Nf3 Qh5 20. e5 Nxe5 21. Nxe5 Rxe5 22. Bxf6 Qxd1 23. Raxd1 Rxe1+ 24. Rxe1 gxf6 25. Re7 Rb8 26. Rxf7 Kh8 27. Rxf6 Kg7 28. Rf7+ Kg6 29. Rc7 1-0

[Event "Kent Oliver mem."]
[Site "Winnipeg CAN"]
[Date "2004.01.17"]
[Round "3"]
[White "Reimer, Bruce"]
[Black "Gibbons, Lorne"]
[Result "0-1"]
[WhiteElo "1335"]
[BlackElo "1358"]
[PlyCount "102"]
[GameId "2160767911200629"]
[EventDate "2004.01.16"]
[EventType "swiss"]
[EventRounds "5"]
[EventCountry "CAN"]
[SourceTitle "EXT 2005"]
[Source "ChessBase"]
[SourceDate "2004.11.15"]
[SourceVersion "1"]
[SourceVersionDate "2004.11.15"]
[SourceQuality "1"]

1. c4 e5 2. Nc3 Nf6 3. g3 Bc5 4. Bg2 O-O 5. e3 Re8 6. Nge2 a6 7. O-O c6 8. d4 exd4 9. exd4 Ba7 10. Re1 d5 11. c5 Bf5 12. Nf4 Nbd7 13. Bd2 b6 14. b4 Rxe1+ 15. Qxe1 Qe8 16. Qf1 b5 17. Re1 Qd8 18. h3 h6 19. g4 Bh7 20. Re3 Bb8 21. Re1 Bc7 22. Nce2 a5 23. a3 axb4 24. axb4 Ra4 25. Ra1 Qa8 26. Bc3 Rxa1 27. Qxa1 Qa4 28. Bh1 Nb8 29. Ng2 Qxa1+ 30. Bxa1 Na6 31. Bc3 Ne4 32. Be1 Bd8 33. Ngf4 g5 34. Bxe4 Bxe4 35. Ng2 Bf6 36. Bc3 Nc7 37. Ne3 Ne6 38. Nf5 Bxf5 39. gxf5 Ng7 40. Ng3 h5 41. Ne2 Nxf5 42. Kg2 Bd8 43. Ng3 Nh4+ 44. Kf1 g4 45. hxg4 hxg4 46. Be1 Bg5 47. Bc3 f5 48. Ne2 Ng6 49. Kg2 Kf7 50. Be1 f4 51. f3 g3 0-1

[Event "Kent Oliver mem."]
[Site "Winnipeg CAN"]
[Date "2004.01.17"]
[Round "3"]
[White "Rutter, Blair"]
[Black "Gannon, Keith"]
[Result "1-0"]
[WhiteElo "1711"]
[BlackElo "1583"]
[PlyCount "73"]
[GameId "2160767911200630"]
[EventDate "2004.01.16"]
[EventType "swiss"]
[EventRounds "5"]
[EventCountry "CAN"]
[SourceTitle "EXT 2005"]
[Source "ChessBase"]
[SourceDate "2004.11.15"]
[SourceVersion "1"]
[SourceVersionDate "2004.11.15"]
[SourceQuality "1"]

1. c4 c5 2. g3 d6 3. Bg2 g6 4. Nc3 Bg7 5. e4 Nc6 6. Nge2 Bd7 7. O-O Nf6 8. d3 O-O 9. a3 a6 10. Bd2 Rb8 11. Rb1 b5 12. b3 Ne5 13. Qc2 bxc4 14. bxc4 Rxb1 15. Rxb1 Qc7 16. Nf4 Rb8 17. Nfd5 Nxd5 18. Nxd5 Rxb1+ 19. Qxb1 Qd8 20. f4 Nc6 21. Qb7 Bd4+ 22. Kf1 Nb8 23. Nxe7+ Qxe7 24. Qxb8+ Qf8 25. Qb6 Bc8 26. Ba5 f5 27. Qc6 fxe4 28. Bxe4 g5 29. Qd5+ Kh8 30. Qxg5 Bh3+ 31. Ke2 Qb8 32. Qh5 Qb2+ 33. Bd2 Bg4+ 34. Qxg4 Bc3 35. Qc8+ Kg7 36. Qb7+ Qxb7 37. Bxc3+ 1-0

[Event "Kent Oliver mem."]
[Site "Winnipeg CAN"]
[Date "2004.01.17"]
[Round "3"]
[White "Still, Graham"]
[Black "Mor, Shai"]
[Result "1-0"]
[WhiteElo "1301"]
[BlackElo "1497"]
[PlyCount "59"]
[GameId "2160767911200631"]
[EventDate "2004.01.16"]
[EventType "swiss"]
[EventRounds "5"]
[EventCountry "CAN"]
[SourceTitle "EXT 2005"]
[Source "ChessBase"]
[SourceDate "2004.11.15"]
[SourceVersion "1"]
[SourceVersionDate "2004.11.15"]
[SourceQuality "1"]

1. d4 Nc6 2. e4 Nf6 3. Nc3 e5 4. Nf3 Bb4 5. Bd3 exd4 6. a3 Ba5 7. b4 Nxb4 8. Nxd4 Nc6 9. Nde2 d5 10. O-O O-O 11. Bg5 Bg4 12. f3 Bb6+ 13. Kh1 Be6 14. Nf4 Bd4 15. Qd2 Qd6 16. Nb5 Qe5 17. Nxd4 dxe4 18. Ndxe6 fxe6 19. Bc4 Qxg5 20. Qc1 Rae8 21. Nxe6 Qxc1 22. Nxf8+ Kxf8 23. Raxc1 e3 24. Rfe1 Nd4 25. c3 b5 26. cxd4 bxc4 27. Rxc4 Nd5 28. Rc5 Nf4 29. Rf5+ Kg8 30. Rxf4 1-0

[Event "Kent Oliver mem."]
[Site "Winnipeg CAN"]
[Date "2004.01.17"]
[Round "3"]
[White "Wasney, Mark"]
[Black "Nair, Krishnan"]
[Result "1-0"]
[WhiteElo "1709"]
[BlackElo "1245"]
[PlyCount "45"]
[GameId "2160767911200632"]
[EventDate "2004.01.16"]
[EventType "swiss"]
[EventRounds "5"]
[EventCountry "CAN"]
[SourceTitle "EXT 2005"]
[Source "ChessBase"]
[SourceDate "2004.11.15"]
[SourceVersion "1"]
[SourceVersionDate "2004.11.15"]
[SourceQuality "1"]

1. d4 d5 2. c4 e6 3. Nc3 b6 4. e3 Nf6 5. Bd3 Be7 6. Nf3 Bb7 7. O-O Ne4 8. Qc2 f5 9. Ne5 c5 10. f3 Nxc3 11. Qxc3 dxc4 12. Bxc4 Qd6 13. Qb3 Bc8 14. e4 Rf8 15. Bf4 Qd8 16. Bxe6 Bxe6 17. Qxe6 fxe4 18. fxe4 cxd4 19. Rad1 Rf6 20. Qg8+ Bf8 21. Bg5 Rxf1+ 22. Rxf1 Qxg5 23. Qxf8# 1-0

[Event "Kent Oliver mem."]
[Site "Winnipeg CAN"]
[Date "2004.01.17"]
[Round "3"]
[White "Zaczek, Jonathon"]
[Black "Hogeveen Rutter, Alexander"]
[Result "1/2-1/2"]
[WhiteElo "1816"]
[BlackElo "1698"]
[PlyCount "84"]
[GameId "2160767911200633"]
[EventDate "2004.01.16"]
[EventType "swiss"]
[EventRounds "5"]
[EventCountry "CAN"]
[SourceTitle "EXT 2005"]
[Source "ChessBase"]
[SourceDate "2004.11.15"]
[SourceVersion "1"]
[SourceVersionDate "2004.11.15"]
[SourceQuality "1"]

1. e4 c5 2. Ne2 Nc6 3. Nbc3 Nf6 4. g3 d6 5. Bg2 e6 6. O-O Be7 7. d4 cxd4 8. Nxd4 e5 9. Nb3 O-O 10. h3 Ne8 11. f4 Qb6+ 12. Kh2 Be6 13. f5 Bc4 14. Re1 f6 15. Be3 Qd8 16. Nd2 Bf7 17. Nf3 a6 18. a4 Rc8 19. Qd2 Na5 20. b3 Kh8 21. Nd5 Nc6 22. Rad1 Rg8 23. Nh4 g6 24. fxg6 Bxg6 25. Nxg6+ Rxg6 26. h4 Bf8 27. Bh3 Ng7 28. Rf1 Rb8 29. Bb6 Qe8 30. Nxf6 Qe7 31. Nd5 Qe8 32. Rf3 Ne6 33. Rdf1 Bh6 34. Be3 Bxe3 35. Nxe3 Ncd4 36. Rf6 Nc5 37. Bg2 Qg8 38. Rxg6 Qxg6 39. Nf5 Rg8 40. Nxd4 Qxg3+ 41. Kg1 Nxe4 42. Qe2 Nc3 1/2-1/2

[Event "Kent Oliver mem."]
[Site "Winnipeg CAN"]
[Date "2004.01.18"]
[Round "4"]
[White "Boron, Anthony"]
[Black "Khedkar, Jay S"]
[Result "0-1"]
[WhiteElo "1932"]
[BlackElo "1926"]
[PlyCount "124"]
[GameId "2160767911200634"]
[EventDate "2004.01.16"]
[EventType "swiss"]
[EventRounds "5"]
[EventCountry "CAN"]
[SourceTitle "EXT 2005"]
[Source "ChessBase"]
[SourceDate "2004.11.15"]
[SourceVersion "1"]
[SourceVersionDate "2004.11.15"]
[SourceQuality "1"]

1. e4 c5 2. Nc3 d6 3. f4 e6 4. Nf3 Nf6 5. Bc4 Nc6 6. d3 Be7 7. O-O Qc7 8. a3 a6 9. Kh1 b5 10. Ba2 Bb7 11. f5 exf5 12. Ng5 Ne5 13. Rxf5 O-O 14. Rf1 c4 15. Bf4 Ng6 16. Be3 h6 17. Nh3 Rad8 18. Qe2 d5 19. exd5 Nxd5 20. dxc4 bxc4 21. Nxd5 Bxd5 22. Nf4 Nxf4 23. Bxf4 Bd6 24. Qg4 Bxf4 25. Rxf4 Rd6 26. Rf2 Rg6 27. Qe2 Qc6 28. b3 Re8 29. Qf1 Re4 30. bxc4 Bxc4 31. Bxc4 Qxc4 32. Qxc4 Rxc4 33. Rb1 Rc7 34. Rb8+ Kh7 35. Rb3 Rd6 36. h3 g6 37. Kh2 Kg7 38. c3 f5 39. Rfb2 Kf6 40. Rb6 Rcc6 41. Rxc6 Rxc6 42. Rb3 Ke5 43. Kg3 Ke4 44. Kf2 Kd3 45. a4 Kc2 46. Rb7 Kxc3 47. Ke3 g5 48. h4 Re6+ 49. Kf3 gxh4 50. a5 Re5 51. Rb6 Rxa5 52. Rxh6 Ra4 53. g3 hxg3 54. Kxg3 Rg4+ 55. Kf3 a5 56. Rh5 a4 57. Rxf5 Rb4 58. Ke3 a3 59. Rc5+ Kb2 60. Kd3 a2 61. Rc2+ Ka3 62. Rc1 Rb1 0-1

[Event "Kent Oliver mem."]
[Site "Winnipeg CAN"]
[Date "2004.01.18"]
[Round "4"]
[White "Kaptsan, Aron"]
[Black "Wasney, Mark"]
[Result "1-0"]
[WhiteElo "1941"]
[BlackElo "1709"]
[PlyCount "63"]
[GameId "2160767911200637"]
[EventDate "2004.01.16"]
[EventType "swiss"]
[EventRounds "5"]
[EventCountry "CAN"]
[SourceTitle "EXT 2005"]
[Source "ChessBase"]
[SourceDate "2004.11.15"]
[SourceVersion "1"]
[SourceVersionDate "2004.11.15"]
[SourceQuality "1"]

1. d4 d5 2. c4 c6 3. Nf3 a6 4. Nbd2 Bf5 5. e3 Nf6 6. Ne5 e6 7. g4 Be4 8. f3 Bg6 9. h4 h6 10. Nxg6 fxg6 11. Qc2 Qd6 12. Qxg6+ Kd8 13. Kf2 Nbd7 14. c5 Qc7 15. f4 Nxc5 16. dxc5 Bxc5 17. Kf3 Rf8 18. Nb3 Bb6 19. g5 hxg5 20. hxg5 Ne4 21. Bd3 Qe5 22. Bxe4 dxe4+ 23. Qxe4 Qxg5 24. Bd2 Rc8 25. Rag1 Qe7 26. Bc3 Rc7 27. Rxg7 Qe8 28. Qb4 Ba7 29. Rxc7 Kxc7 30. Rh7+ Rf7 31. Be5+ Kc8 32. Rh8 1-0

[Event "Kent Oliver mem."]
[Site "Winnipeg CAN"]
[Date "2004.01.18"]
[Round "4"]
[White "Still, Graham"]
[Black "Katona, John"]
[Result "0-1"]
[WhiteElo "1301"]
[BlackElo "1839"]
[PlyCount "38"]
[GameId "2160767911200639"]
[EventDate "2004.01.16"]
[EventType "swiss"]
[EventRounds "5"]
[EventCountry "CAN"]
[SourceTitle "EXT 2005"]
[Source "ChessBase"]
[SourceDate "2004.11.15"]
[SourceVersion "1"]
[SourceVersionDate "2004.11.15"]
[SourceQuality "1"]

1. d4 Nf6 2. c4 g6 3. Nc3 Bg7 4. f3 O-O 5. Bg5 d6 6. e4 c5 7. e5 dxe5 8. dxe5 Qxd1+ 9. Rxd1 Nfd7 10. Nd5 Nc6 11. Nxe7+ Nxe7 12. Bxe7 Re8 13. Bd6 Nxe5 14. Bxe5 Bxe5 15. Rb1 Bf5 16. Rd1 Bg3+ 17. Kd2 Rad8+ 18. Kc1 Bf4+ 19. Rd2 Re1# 0-1

[Event "Kent Oliver mem."]
[Site "Winnipeg CAN"]
[Date "2004.01.18"]
[Round "4"]
[White "Vincent, Trevor"]
[Black "Nikouline, Alexandre"]
[Result "1-0"]
[WhiteElo "2010"]
[BlackElo "1997"]
[PlyCount "75"]
[GameId "2160767911200640"]
[EventDate "2004.01.16"]
[EventType "swiss"]
[EventRounds "5"]
[EventCountry "CAN"]
[SourceTitle "EXT 2005"]
[Source "ChessBase"]
[SourceDate "2004.11.15"]
[SourceVersion "1"]
[SourceVersionDate "2004.11.15"]
[SourceQuality "1"]

1. c4 e5 2. g3 d6 3. Bg2 g6 4. Nc3 Bg7 5. e4 Nc6 6. Nge2 f5 7. d3 Nf6 8. O-O O-O 9. Nd5 fxe4 10. dxe4 Be6 11. Bg5 Ne7 12. f4 Bxd5 13. cxd5 Ng4 14. Qd2 h6 15. Bh4 c6 16. h3 Nf6 17. g4 cxd5 18. exd5 Nd7 19. Rac1 exf4 20. Nxf4 g5 21. Ne6 Rxf1+ 22. Rxf1 Qb6+ 23. Bf2 Qxb2 24. Qxb2 Bxb2 25. Rb1 Be5 26. Rxb7 Rc8 27. Bf3 Nc5 28. Rxe7 Nd3 29. Be3 Rb8 30. Rxa7 Rb1+ 31. Kg2 Rb2+ 32. Kf1 Bf4 33. Ra8+ Kf7 34. Bd4 Rb1+ 35. Ke2 Nc1+ 36. Kd1 Ke7 37. Be4 Nd3+ 38. Kc2 1-0

[Event "Kent Oliver mem."]
[Site "Winnipeg CAN"]
[Date "2004.01.18"]
[Round "5"]
[White "Hogeveen Rutter, Alexander"]
[Black "Anderson, George"]
[Result "1-0"]
[WhiteElo "1698"]
[BlackElo "1469"]
[PlyCount "77"]
[GameId "2160767911200643"]
[EventDate "2004.01.16"]
[EventType "swiss"]
[EventRounds "5"]
[EventCountry "CAN"]
[SourceTitle "EXT 2005"]
[Source "ChessBase"]
[SourceDate "2004.11.15"]
[SourceVersion "1"]
[SourceVersionDate "2004.11.15"]
[SourceQuality "1"]

1. e4 e6 2. d4 d5 3. exd5 exd5 4. c4 c5 5. cxd5 Qxd5 6. Nc3 Qxd4 7. Qxd4 cxd4 8. Nb5 Na6 9. Nxd4 Bb4+ 10. Bd2 Nf6 11. Bxa6 Bxd2+ 12. Kxd2 bxa6 13. Ngf3 O-O 14. h3 Bb7 15. Rac1 Rad8 16. Kc2 Be4+ 17. Kb3 Rb8+ 18. Ka3 Rb7 19. Rhe1 Rd8 20. b3 h6 21. Rc4 Bd5 22. Rc2 Ne4 23. Rce2 Nc5 24. Re8+ Rxe8 25. Rxe8+ Kh7 26. Re5 Rd7 27. Re2 f6 28. Rc2 Nd3 29. g3 Be4 30. Re2 Rd5 31. Ka4 f5 32. b4 a5 33. b5 a6 34. bxa6 Nc5+ 35. Kb5 Bd3+ 36. Kc6 Rxd4 37. Nxd4 Bxe2 38. a7 Ne6 39. Nxe2 1-0